New Trends in Process Control and Production Management : proceedings of the International Conference on Marketing Management, Trade, Financial and Social Aspects of Business (MTS 2017), May 18-20, 2017, Košice, Slovak Republic and Tarnobrzeg, Poland /

Gespeichert in:
Bibliographische Detailangaben
Körperschaft: International Conference on Marketing Management, Trade, Financial and Social Aspects of Business. Košice, SR : Tarnobrzeg, Poland
Weitere Verfasser: Štofová, Lenka (Herausgegeben von), Szaryszová, Petra (Herausgegeben von)
Format: Tagungsbericht Buch
Sprache:Englisch
Veröffentlicht: Balkema : CRC Press Taylor & Francis Group, 2018
Ausgabe:1. vyd.
Tags: Tag hinzufügen
Keine Tags, Fügen Sie das erste Tag hinzu!

MARC

LEADER 00000nam a22000003a 4500
001 0026893
003 SK-STU
005 20180125112117.1
007 ta
008 171012s ----xo-----e------100-0-----d
020 |a 978-1-138-05885-9 (print) 
020 |a 978-1-351-67272-6 (e) 
040 |a STU  |b slo 
041 0 |a eng 
044 |a ne 
111 2 |a International Conference on Marketing Management, Trade, Financial and Social Aspects of Business.  |n 5th  |d 18. - 20. 05. 2017 :  |c Košice, SR :  |c Tarnobrzeg, Poland 
245 1 0 |a New Trends in Process Control and Production Management :  |b proceedings of the International Conference on Marketing Management, Trade, Financial and Social Aspects of Business (MTS 2017), May 18-20, 2017, Košice, Slovak Republic and Tarnobrzeg, Poland /  |c ed. Lenka Štofová, Petra Szaryszová 
250 |a 1. vyd. 
260 |a Balkema :  |b CRC Press Taylor & Francis Group,  |c 2018 
300 |a 582 s. 
700 1 |a Štofová, Lenka  |4 edt 
700 1 |a Szaryszová, Petra  |4 edt 
996 |b 284M087581  |c M* Z-4403  |l MMKN  |s A  |a 24  |w 0026893_0001 
996 |b 284M087582  |c M* Z-4404  |l MMKN  |s A  |a 24  |w 0026893_0002 
996 |b 284M087583  |c M* Z-4405  |l MMKN  |s A  |a 24  |w 0026893_0003 
996 |b 284M087584  |c M* Z-4406  |l MMKN  |s A  |a 24  |w 0026893_0004 
996 |b 284M087585  |c M* Z-4407  |l MMKN  |s A  |a 24  |w 0026893_0005